000 00696nam a22001697a 4500
003 OSt
005 20250906131945.0
008 241114b |||||||| |||| 00| 0 eng d
040 _aMMSU
_cULS
100 _aDelos Santos, April Joy
245 _aFactors related the level of objectified body consciousness among female students of Mariano Marcos State University-College of Arts and Sciences /
_cApril Joy Delos Santos
260 _aCity of Batac :
_bMMSU,
_c2024.
300 _axiii, 139 leaves :;
_c29 cm.
500 _aThesis (AB Sociology) -- Mariano Marcos State University - College of Arts & Sciences, City of Batac, 2024.
504 _aBibliography : leaves 113-124
942 _2lcc
_cTHEDIS
999 _c24016
_d24016